Teoretické a praktické problémy platobnej bilancie, deficitu štátneho rozpočtu a stability meny

Guardado en:
Detalles Bibliográficos
Autor principal: Lisý, Ján
Formato: Capítulo de libro
Lenguaje:eslovaco
Etiquetas: Agregar Etiqueta
Sin Etiquetas, Sea el primero en etiquetar este registro!

MARC

LEADER 00000naa$a2200000$$$4500
001 0112322
005 20240502083259.2
041 0 |a slo 
044 |a CZ 
245 1 0 |a Teoretické a praktické problémy platobnej bilancie, deficitu štátneho rozpočtu a stability meny  |c Ján Lisý 
100 1 |a Lisý, Ján